<?xml version="1.0" encoding="UTF-8"?>
<record
    xmlns:xsi="http://www.w3.org/2001/XMLSchema-instance"
    xsi:schemaLocation="http://www.loc.gov/MARC21/slim http://www.loc.gov/standards/marcxml/schema/MARC21slim.xsd"
    xmlns="http://www.loc.gov/MARC21/slim">

  <leader>01035nam a22001697a 4500</leader>
  <controlfield tag="003">SGT</controlfield>
  <datafield tag="020" ind1=" " ind2=" ">
    <subfield code="a">9788121926119</subfield>
  </datafield>
  <datafield tag="082" ind1=" " ind2=" ">
    <subfield code="a">535,SUB</subfield>
  </datafield>
  <datafield tag="100" ind1=" " ind2=" ">
    <subfield code="a">N SUBRAHMANYAM</subfield>
  </datafield>
  <datafield tag="245" ind1=" " ind2=" ">
    <subfield code="a">A TEXT BOOK OF OPTICS</subfield>
    <subfield code="b">FOR B.SC STUDENTS AS PER UGC MODEL SYLLABUS</subfield>
  </datafield>
  <datafield tag="250" ind1=" " ind2=" ">
    <subfield code="a">25TH</subfield>
  </datafield>
  <datafield tag="260" ind1=" " ind2=" ">
    <subfield code="a">NEW DELHI</subfield>
    <subfield code="b">S.CHAND</subfield>
    <subfield code="c">2015</subfield>
  </datafield>
  <datafield tag="300" ind1=" " ind2=" ">
    <subfield code="a">729</subfield>
  </datafield>
  <datafield tag="650" ind1=" " ind2=" ">
    <subfield code="a">OPTICS</subfield>
  </datafield>
  <datafield tag="653" ind1=" " ind2=" ">
    <subfield code="a">1. LIGHT 2. FERMAT'S PRINCIPLE AND ITS APPLICATIONS RAY OPTICS 3. REFLECTION AND REFRACTION 4. LENSES 5. OPTICAL SYSTEM AND CARDINAL POINTS 6. THICK LENSES 7. MATRIX METHODS 8. DISPERSION 9. LENS ABBERATIONS 10. OPTICAL INSTRUMENTS 11. VELOCITY OF LIGHT WAVE OPTICS 12. WAVES AND WAVE PACKETS 13. PROPAGATION OF LIGHT WAVES 14. INTEREFRENCE 15. INTEREFRENCE IN THIN FILMS 16. COHERENCE 17. FRESNEL DIFFRACTION 18. FRAUNHOFFER DIFFRACTION 19. RESOLVING POWER 20. POLARIZATION QUANTUM OPTICS 21. MECHANISM OF LIGHT EMISSION 22. LASERS 23. HOLOGRAPHY PHOTONICS 24. FIBRE OPTICS 25. NON-LINEAR OPTICS 26. ATOM LASER APPENDIX-NOBLE LAUREATES IN PHYSICS</subfield>
  </datafield>
  <datafield tag="942" ind1=" " ind2=" ">
    <subfield code="2">ddc</subfield>
    <subfield code="c">FPS</subfield>
    <subfield code="0">33</subfield>
  </datafield>
  <datafield tag="952" ind1=" " ind2=" ">
    <subfield code="0">0</subfield>
    <subfield code="1">0</subfield>
    <subfield code="2">ddc</subfield>
    <subfield code="4">0</subfield>
    <subfield code="7">0</subfield>
    <subfield code="8">FS</subfield>
    <subfield code="a">SSSL</subfield>
    <subfield code="b">SSSL</subfield>
    <subfield code="c">TXT</subfield>
    <subfield code="d">2016-06-28</subfield>
    <subfield code="e">KIRTI PRAKASHAN</subfield>
    <subfield code="g">545.00</subfield>
    <subfield code="i">SGTU</subfield>
    <subfield code="l">26</subfield>
    <subfield code="o">535,SUB</subfield>
    <subfield code="p">PS903</subfield>
    <subfield code="r">2023-12-01 00:00:00</subfield>
    <subfield code="s">2023-11-10</subfield>
    <subfield code="w">2015-09-15</subfield>
    <subfield code="y">FPS</subfield>
    <subfield code="k">2911</subfield>
  </datafield>
  <datafield tag="952" ind1=" " ind2=" ">
    <subfield code="0">0</subfield>
    <subfield code="1">0</subfield>
    <subfield code="2">ddc</subfield>
    <subfield code="4">0</subfield>
    <subfield code="7">0</subfield>
    <subfield code="8">FS</subfield>
    <subfield code="a">SSSL</subfield>
    <subfield code="b">SSSL</subfield>
    <subfield code="c">TXT</subfield>
    <subfield code="d">2016-06-28</subfield>
    <subfield code="e">KIRTI PRAKASHAN</subfield>
    <subfield code="g">545.00</subfield>
    <subfield code="i">SGTU</subfield>
    <subfield code="l">27</subfield>
    <subfield code="o">535,SUB</subfield>
    <subfield code="p">PS904</subfield>
    <subfield code="r">2024-02-21 00:00:00</subfield>
    <subfield code="s">2024-01-18</subfield>
    <subfield code="w">2015-09-15</subfield>
    <subfield code="y">FPS</subfield>
    <subfield code="k">2911</subfield>
  </datafield>
  <datafield tag="952" ind1=" " ind2=" ">
    <subfield code="0">0</subfield>
    <subfield code="1">0</subfield>
    <subfield code="2">ddc</subfield>
    <subfield code="4">0</subfield>
    <subfield code="7">0</subfield>
    <subfield code="8">FS</subfield>
    <subfield code="a">SSSL</subfield>
    <subfield code="b">SSSL</subfield>
    <subfield code="c">TXT</subfield>
    <subfield code="d">2016-06-28</subfield>
    <subfield code="e">KIRTI PRAKASHAN</subfield>
    <subfield code="g">545.00</subfield>
    <subfield code="i">SGTU</subfield>
    <subfield code="l">12</subfield>
    <subfield code="o">535,SUB</subfield>
    <subfield code="p">PS905</subfield>
    <subfield code="r">2024-05-07 00:00:00</subfield>
    <subfield code="s">2022-05-17</subfield>
    <subfield code="w">2015-09-15</subfield>
    <subfield code="y">FPS</subfield>
    <subfield code="k">2911</subfield>
  </datafield>
  <datafield tag="952" ind1=" " ind2=" ">
    <subfield code="0">0</subfield>
    <subfield code="1">0</subfield>
    <subfield code="2">ddc</subfield>
    <subfield code="4">0</subfield>
    <subfield code="7">0</subfield>
    <subfield code="8">FS</subfield>
    <subfield code="a">SSSL</subfield>
    <subfield code="b">SSSL</subfield>
    <subfield code="c">TXT</subfield>
    <subfield code="d">2016-06-28</subfield>
    <subfield code="e">KIRTI PRAKASHAN</subfield>
    <subfield code="g">545.00</subfield>
    <subfield code="i">SGTU</subfield>
    <subfield code="l">24</subfield>
    <subfield code="m">1</subfield>
    <subfield code="o">535,SUB</subfield>
    <subfield code="p">PS906</subfield>
    <subfield code="r">2023-12-01 00:00:00</subfield>
    <subfield code="s">2023-11-25</subfield>
    <subfield code="w">2015-09-15</subfield>
    <subfield code="y">FPS</subfield>
    <subfield code="k">2911</subfield>
  </datafield>
  <datafield tag="952" ind1=" " ind2=" ">
    <subfield code="0">0</subfield>
    <subfield code="1">0</subfield>
    <subfield code="2">ddc</subfield>
    <subfield code="4">0</subfield>
    <subfield code="7">1</subfield>
    <subfield code="8">FS</subfield>
    <subfield code="a">SSSL</subfield>
    <subfield code="b">SSSL</subfield>
    <subfield code="c">REF</subfield>
    <subfield code="d">2016-06-28</subfield>
    <subfield code="e">KIRTI PRAKASHAN</subfield>
    <subfield code="g">545.00</subfield>
    <subfield code="i">SGTU</subfield>
    <subfield code="o">535,SUB</subfield>
    <subfield code="p">PS907</subfield>
    <subfield code="r">2016-06-28 00:00:00</subfield>
    <subfield code="w">2015-09-15</subfield>
    <subfield code="y">FPS</subfield>
    <subfield code="k">2911</subfield>
  </datafield>
  <datafield tag="999" ind1=" " ind2=" ">
    <subfield code="c">9274</subfield>
    <subfield code="d">9274</subfield>
  </datafield>
</record>
